Host do domu /
Napínavý psychologický thriller vypráví příběh o jedné rodině a o tajemství z minulosti, které nemělo být nikdy prozrazeno.
Uloženo v:
| Hlavní autor: | |
|---|---|
| Další autoři: | |
| Médium: | E-kniha |
| Jazyk: | Czech |
| Vydáno: |
Praha :
Dobrovský s.r.o.,
2025
|
| Edice: | Vendeta
|
| Témata: | |
| Tagy: |
Žádné tagy |
| LEADER | 02390nam a2200445 i 4500 | ||
|---|---|---|---|
| 001 | 312776 | ||
| 003 | CZ PrSKC | ||
| 005 | 20260601215728.0 | ||
| 007 | ta | ||
| 008 | 250729s2025 xr g 000 f cze | ||
| 015 | |a cnb003697770 | ||
| 020 | |a 9788027740857 |q (vázáno) : |c Kč 399,00 | ||
| 035 | |a (OCoLC)1559931912 | ||
| 040 | |a ABG001 |b cze |d ABA001 |e rda | ||
| 041 | 1 | |a cze |h eng | |
| 072 | 7 | |a 821.111(73)-3 |x Americká próza |2 Konspekt | |
| 080 | |a 821.111(73)-31 |2 MRF | ||
| 080 | |a (0:82-312.4) |2 MRF | ||
| 100 | 1 | |a Lamarr, Nelle |7 xx0334545 |4 aut | |
| 240 | 1 | 0 | |a Family guest. |l Česky |
| 245 | 1 | 0 | |a Host do domu / |c Nelle Lamarr ; přeložila Lucie Secká |
| 264 | 1 | |a Praha : |b Dobrovský s.r.o., |c 2025 | |
| 300 | |a 351 stran ; |c 21 cm | ||
| 336 | |a text |b txt |2 rdacontent | ||
| 337 | |a bez média |b n |2 rdamedia | ||
| 338 | |a svazek |b nc |2 rdacarrier | ||
| 490 | 1 | |a Vendeta | |
| 500 | |a Přeloženo z angličtiny | ||
| 520 | 2 | |a Napínavý psychologický thriller vypráví příběh o jedné rodině a o tajemství z minulosti, které nemělo být nikdy prozrazeno. |b Do domu Matta a Natalie Merrittových v Californii přijíždí britská studentka Tanya na výměnný studentský pobyt. Tanya je nápadně podobná jejich zemřelé dceři Anabel a Natalie si Tanyu okamžitě zamiluje. Nataliiny děti, Paige a Will, nadšení své matky s novou spolubydlící rozhodně nesdílí. Na povrch vyplouvají drobné nesrovnalosti v Tanyině životě, zdá se, že Tanya není tím, za koho se vydává. Paige a Will se pustí do důkladného pátrání, aby zjistili, proč a za jakým účelem se Tanya vloudila do jejich rodiny. | |
| 655 | 7 | |a americké romány |7 fd131796 |2 czenas | |
| 655 | 7 | |a thrillery (romány) |7 fd184206 |2 czenas | |
| 655 | 9 | |a American fiction |2 eczenas | |
| 655 | 9 | |a thrillers (novels) |2 eczenas | |
| 700 | 1 | |a Secká, Lucie, |d 1994- |7 xx0267246 |4 trl | |
| 830 | 0 | |a Vendeta | |
| 900 | |a ABA001 |b 20 | ||
| 044 | |a xr | ||
| 910 | |a RBIT002 | ||
| 998 | |d 421692 |a https://core.palmknihy.cz/api/books/421692/cover?t0shcf |b https://core.palmknihy.cz/api/books/421692/cover/400?t0shcf |c https://core.palmknihy.cz/api/books/421692/cover/50?t0shcf |e 2028-08-22 |g 352 |i 9788027740857 |j https://core.palmknihy.cz/api/books/421692/preview.epub |k https://core.palmknihy.cz/api/books/421692/preview.pdf |l |q 49 |r 1 |s https://www.palmknihy.cz/kniha/421692 |t ebook |y 2025 |z 0 | ||
| 999 | |d 312774 | ||